00856nam a2200145 4500008001400000020001500014082001900029100002000048245001900068260003900087300003400126505043900160650007800599700003300677779.092 M695t a847664650X a779.092bM695t aMoffatt, Tracey aTracey Moffatt aParisbFundacón "la Caixa"c1999 a108 p.bill (col)c30 x 24 cm tPresentaciónrLuis Monreal AgustítTracey Moffatt: unas atmósferas específicasrRégis DurandtEntrevista a Tracey MoffattrMarta GilitObra fotográfica y obra fílmicatAlgo mástUna cuestión de mascotastCicatrices de por vidatGuapatArriba en el cielotLáudanotLlantos nocturnos - Una tragedia realtParaísotDocumentacióntCatalogacióntTracey Moffatt. Curriculum vitaetBibliografíatTexts in english xarte contemporáneoxarte - exhibicionesxarte - fotografíaxAustralia aDurand, Régis; Gili, Marta